[Event "?"]
[Site "?"]
[Date "2021.09.17"]
[Round "7"]
[White "Медведев, Федор."]
[Black "Камаева, Джамиля."]
[Result "1/2-1/2"]
[WhiteElo "1557"]
[BlackElo "1681"]
[PlyCount "96"]

1. e4 e5 2. Nf3 Nc6 3. Bc4 Bc5 4. c3 Nf6 5. d4 exd4 6. e5 d5 7. Bb5 Ne4 8. cxd4
Bb4+ 9. Bd2 Nxd2 10. Nbxd2 O-O 11. O-O Ne7 12. Qa4 Bxd2 13. Nxd2 c6 14. Bd3 Bf5
15. Qc2 Qd7 16. Nb3 Bxd3 17. Qxd3 b6 18. f4 g6 19. Rac1 a5 20. Nd2 Rfc8 21. Nf3
c5 22. Kh1 c4 23. Qd2 b5 24. a3 b4 25. axb4 axb4 26. Qxb4 Rab8 27. Qd6 Qxd6 28.
exd6 Nf5 29. d7 Rc7 30. b3 Rxd7 31. bxc4 dxc4 32. g4 Nxd4 33. Ne5 Rc7 34. Rxc4
Rxc4 35. Nxc4 Rb4 36. Ne5 Ne2 37. Nd3 Rd4 38. Rf2 Nc3 39. Rf3 Kg7 40. g5 Nd5
41. Kg2 Nb4 42. Nxb4 Rxb4 43. Kg3 f6 44. h4 h6 45. Rc3 hxg5 46. fxg5 fxg5 47.
hxg5 Kf7 48. Rf3+ Kg7 1/2-1/2

[Event "?"]
[Site "?"]
[Date "2021.09.17"]
[Round "7"]
[White "Богаудинов, Рушан."]
[Black "Вершинин, Игорь."]
[Result "0-1"]
[WhiteElo "2027"]
[BlackElo "1937"]
[PlyCount "116"]

1. d4 Nf6 2. c4 e6 3. Nf3 b6 4. Nc3 Bb7 5. e3 Bb4 6. Qc2 Ne4 7. Bd3 f5 8. a3
Bxc3+ 9. bxc3 O-O 10. a4 c5 11. a5 d6 12. O-O Nd7 13. Ne1 bxa5 14. f3 Nef6 15.
Bd2 Qb6 16. Rb1 Qc7 17. h3 Nb6 18. e4 fxe4 19. fxe4 e5 20. d5 Nh5 21. Nf3 h6
22. Kh2 Qe7 23. g3 g5 24. Kg2 Bc8 25. Nh2 Nf6 26. Rf2 Qd7 27. g4 Qg7 28. Nf1 h5
29. Ne3 hxg4 30. hxg4 Nxg4 31. Rxf8+ Qxf8 32. Nf5 Nh6 33. Rh1 Bxf5 34. exf5 Qf6
35. Rh5 Nf7 36. Qc1 e4 37. Bxe4 Nxc4 38. Bxg5 Nxg5 39. Rxg5+ Kf7 40. Rg6 Qh4
41. Qb1 Re8 42. Bf3 Ne5 43. Rg3 Nxf3 44. Kxf3 Re3+ 45. Kxe3 Qxg3+ 46. Ke2 Qg2+
47. Ke3 Qxd5 48. Qb8 Qe5+ 49. Kd2 Qf4+ 50. Kd1 a4 51. Qxa7+ Kf6 52. Qd7 Qe5 53.
Kd2 a3 54. Qa4 Qh2+ 55. Kd3 a2 56. Qg4 Qh7 57. Qg1 Qxf5+ 58. Kc4 Qe4+ 0-1

[Event "?"]
[Site "?"]
[Date "2021.09.17"]
[Round "7"]
[White "Емель~~енков, Иван."]
[Black "Семены~~ев, Александр."]
[Result "0-1"]
[WhiteElo "1741"]
[BlackElo "2124"]
[PlyCount "64"]

1. e4 e5 2. Nf3 Nf6 3. Nxe5 d6 4. Nf3 Nxe4 5. c4 c6 6. Nc3 Nf6 7. d4 d5 8. Bg5
Bb4 9. Bd3 O-O 10. O-O dxc4 11. Bxc4 h6 12. Bh4 Nbd7 13. Qb3 Bxc3 14. bxc3 Nb6
15. Bd3 Be6 16. c4 g5 17. Nxg5 hxg5 18. Bxg5 Qxd4 19. Rad1 Qe5 20. f4 Qe3+ 21.
Kh1 Ng4 22. Qc2 Qc5 23. Bh7+ Kg7 24. f5 f6 25. fxe6 Qxg5 26. Rd3 Rh8 27. Rh3
Rad8 28. e7 Rd2 29. Qg6+ Qxg6 30. Bxg6 Nf2+ 31. Kg1 Nxh3+ 32. gxh3 Kxg6 0-1

[Event "?"]
[Site "?"]
[Date "2021.09.17"]
[Round "7"]
[White "Арутo^нова, o/oлия."]
[Black "Давидян, Владимир."]
[Result "1/2-1/2"]
[WhiteElo "1771"]
[BlackElo "1418"]
[PlyCount "120"]

1. b3 d5 2. Bb2 Bg4 3. g3 Nd7 4. Bg2 Ngf6 5. Nf3 Bxf3 6. Bxf3 e5 7. d3 Bd6 8.
O-O O-O 9. e3 Re8 10. c4 c6 11. cxd5 cxd5 12. Nc3 Nb6 13. Nb5 a6 14. Nxd6 Qxd6
15. Rc1 h6 16. Qd2 Rad8 17. Rc2 Nh7 18. Rfc1 Ng5 19. Bg2 Ne6 20. Qa5 Nd7 21.
Qxd5 Qxd5 22. Bxd5 Ndc5 23. Bxe6 Nxe6 24. Bxe5 Rxd3 25. Kg2 Nd8 26. Bd4 Nc6 27.
Bb6 Re7 28. Rc3 Rd2 29. R3c2 Rd3 30. Kf3 Red7 31. Ke2 g5 32. Bc5 g4 33. Rh1 h5
34. h3 f5 35. hxg4 hxg4 36. Rh5 R3d5 37. Rh6 Kg7 38. Rh4 Kg6 39. Rh8 Ne5 40.
Rg8+ Kf7 41. Rf8+ Kg6 42. Bd4 Nf3 43. Rg8+ Kh7 44. Rh8+ Kg6 45. Rc4 Nxd4+ 46.
Rxd4 Rxd4 47. exd4 Rxd4 48. Rb8 Rb4 49. Kd3 Kf7 50. Kc3 Rb6 51. Kd4 Ke7 52. Ke5
Rb5+ 53. Kf4 a5 54. Ra8 b6 55. Ra7+ Kf6 56. Ra8 Rb4+ 57. Ke3 Ke5 58. Re8+ Kf6
59. Rf8+ Ke5 60. Re8+ Kf6 1/2-1/2

[Event "?"]
[Site "?"]
[Date "2021.09.17"]
[Round "7"]
[White "Данилина, Софья."]
[Black "Соломин, Максим."]
[Result "0-1"]
[WhiteElo "1485"]
[BlackElo "1916"]
[PlyCount "66"]

1. e4 c5 2. Nf3 Nc6 3. d4 cxd4 4. Nxd4 g6 5. Nc3 Bg7 6. Be3 Nf6 7. f3 O-O 8.
Bc4 Qb6 9. Bb3 Ng4 10. Nd5 Nxe3 11. Nxb6 Nxd1 12. Nxc6 dxc6 13. Nxa8 Ne3 14. c3
Nxg2+ 15. Kf2 Nf4 16. Rad1 Be5 17. Rd2 Bh3 18. Rhd1 Rxa8 19. Rd8+ Rxd8 20.
Rxd8+ Kg7 21. a4 h5 22. Bc4 Kf6 23. Ra8 Bc7 24. Ke1 Bb6 25. a5 Bg1 26. Kd2 h4
27. Rh8 Nh5 28. Be2 Bxh2 29. f4 Bxf4+ 30. Ke1 Bg3+ 31. Kd2 Bg2 32. Bxh5 gxh5
33. Rxh5 h3 0-1

[Event "?"]
[Site "?"]
[Date "2021.09.17"]
[Round "7"]
[White "Переверзев, Тимофей."]
[Black "Федосов, Александр."]
[Result "0-1"]
[WhiteElo "1852"]
[BlackElo "1834"]
[PlyCount "81"]

1. c4 e5 2. g3 Nc6 3. Bg2 Bc5 4. Nc3 d6 5. Na4 Bb6 6. Nxb6 axb6 7. b3 Bf5 8.
Bb2 Nf6 9. d3 Qd7 10. Qd2 h6 11. b4 O-O 12. b5 Na5 13. h3 c6 14. bxc6 bxc6 15.
e4 Bh7 16. f4 Qe7 17. fxe5 dxe5 18. Nf3 Nd7 19. O-O f6 20. Nh4 Rfd8 21. Qe3 Qc5
22. Rfe1 Qxe3+ 23. Rxe3 Nc5 24. Bf1 Na4 25. Rb1 c5 26. Nf5 Bxf5 27. exf5 Ra7
28. Bg2 Rad7 29. Bd5+ Kf8 30. Ba3 Rd6 31. d4 exd4 32. Re6 Rxe6 33. fxe6 Rd6 34.
Bc1 Nc3 35. Rb2 Nxd5 36. cxd5 Nc4 37. Rc2 b5 38. a4 d3 39. Ra2 b4 40. a5 b3 41.
Ra1 0-1

[Event "?"]
[Site "?"]
[Date "2021.09.17"]
[Round "7"]
[White "Усов, Дмитрий."]
[Black "Якушков, Павел."]
[Result "1/2-1/2"]
[WhiteElo "1828"]
[BlackElo "1811"]
[PlyCount "154"]

1. e4 d5 2. exd5 Qxd5 3. Nc3 Qd6 4. d4 Nf6 5. Nf3 c6 6. Be3 Bf5 7. Bc4 Nbd7 8.
O-O Nb6 9. Bb3 e6 10. Ne5 Nbd5 11. Nxd5 exd5 12. Bf4 Qd8 13. Re1 Be7 14. Qe2
Be6 15. c3 Qc8 16. c4 O-O 17. cxd5 Bxd5 18. Bc2 Be6 19. Bg3 Rd8 20. Rad1 Bb4
21. Rf1 Re8 22. a3 Bf8 23. Qd3 g6 24. f4 Bf5 25. Qb3 Qe6 26. Qxe6 fxe6 27. Bxf5
exf5 28. Bh4 Nd5 29. Rd3 Be7 30. Bxe7 Rxe7 31. g3 Rd8 32. b4 Re6 33. Rb1 Nb6
34. b5 cxb5 35. Rxb5 Red6 36. Nf3 Rd5 37. Rxd5 Nxd5 38. Rd2 Rc8 39. Rb2 b6 40.
Rb5 Rd8 41. Rb3 Kg7 42. Ne5 Kf6 43. Kf2 h6 44. h4 Rc8 45. Kf3 h5 46. Rd3 Rc2
47. Rb3 Rd2 48. Nc6 a5 49. a4 Ke6 50. Rb1 Kd6 51. Na7 Ra2 52. Nc8+ Kc7 53. Rc1+
Kd7 54. Rc4 Rb2 55. Na7 Rb3+ 56. Kf2 Nc3 57. Rc6 Ne4+ 58. Ke1 Rb1+ 59. Ke2
Nxg3+ 60. Kd3 Rb3+ 61. Kc2 Ne2 62. Rxg6 Nxd4+ 63. Kc1 Rc3+ 64. Kd2 Rh3 65. Rxb6
Kc7 66. Rf6 Rxh4 67. Ke3 Nc2+ 68. Kd2 Nd4 69. Ke3 Nc2+ 70. Kd2 Rh2+ 71. Kd3
Nb4+ 72. Kc4 Nc2 73. Nb5+ Kd7 74. Kd5 Ke7 75. Re6+ Kd7 76. Rd6+ Ke7 77. Re6+
Kd7 1/2-1/2

[Event "?"]
[Site "?"]
[Date "2021.09.17"]
[Round "7"]
[White "Силенко, Алексей."]
[Black "Кокодеев, Илья."]
[Result "0-1"]
[WhiteElo "1729"]
[BlackElo "1739"]
[PlyCount "86"]

1. e4 c5 2. Nf3 e6 3. d3 Nc6 4. Nbd2 d5 5. g3 Bd6 6. Bg2 Nge7 7. O-O O-O 8. Re1
Ng6 9. h4 Qc7 10. h5 Nge7 11. Qe2 f6 12. Nf1 d4 13. N3d2 e5 14. Nc4 Be6 15.
Nxd6 Qxd6 16. g4 Qd7 17. f3 h6 18. Ng3 b5 19. b3 c4 20. bxc4 bxc4 21. Ba3 Rab8
22. Nf5 c3 23. f4 exf4 24. Qf2 Bxf5 25. exf5 Rfe8 26. Qxf4 Ne5 27. Rab1 N7c6
28. Qe4 Kh7 29. Kh1 Qc7 30. Qf4 Qd7 31. Bc5 a6 32. Kg1 Rb5 33. Rxb5 axb5 34.
Rb1 b4 35. Kf2 Ra8 36. Ke2 Rxa2 37. Kd1 Nxd3 38. Qd6 Nb2+ 39. Kc1 Qxd6 40. Bxd6
d3 41. Bf4 dxc2 42. Kxc2 Nd4+ 43. Kc1 Nd3+ 0-1

[Event "?"]
[Site "?"]
[Date "2021.09.17"]
[Round "7"]
[White "Фролов, Максим."]
[Black "Маймин, Леонид."]
[Result "0-1"]
[WhiteElo "1701"]
[BlackElo "1686"]
[PlyCount "46"]

1. d4 Nf6 2. Nf3 g6 3. e3 Bg7 4. b3 d5 5. Bb2 O-O 6. Bd3 Nbd7 7. Nbd2 e5 8.
Nxe5 Nxe5 9. dxe5 Ng4 10. Nf3 Re8 11. O-O Nxe5 12. Nxe5 Bxe5 13. Bxe5 Rxe5 14.
Re1 Qe7 15. Be2 Bf5 16. Bf3 Rd8 17. Re2 c6 18. Rd2 Re8 19. c4 dxc4 20. bxc4 Be6
21. Qa4 Qc5 22. Rd4 Bf5 23. Rc1 Qxd4 0-1

[Event "?"]
[Site "?"]
[Date "2021.09.17"]
[Round "7"]
[White "Рататаев, Илья."]
[Black "Теймурханлы, Теймур."]
[Result "1/2-1/2"]
[WhiteElo "1835"]
[BlackElo "1874"]
[PlyCount "28"]

1. e4 c5 2. c3 d5 3. exd5 Qxd5 4. d4 Nc6 5. Nf3 e5 6. dxe5 Qxd1+ 7. Kxd1 Bg4 8.
Bf4 O-O-O+ 9. Nbd2 Nge7 10. Kc1 Ng6 11. Bg3 f6 12. exf6 gxf6 13. h3 Bxf3 14.
Nxf3 Bh6+ 1/2-1/2

[Event "?"]
[Site "?"]
[Date "2021.09.17"]
[Round "7"]
[White "Хлыповка, Степан."]
[Black "Ëo^цингер, Ирен."]
[Result "1-0"]
[WhiteElo "1725"]
[BlackElo "1779"]
[PlyCount "151"]

1. d4 Nf6 2. c4 g6 3. Nc3 Bg7 4. Nf3 O-O 5. Bg5 d6 6. e3 c5 7. Be2 h6 8. Bh4 g5
9. Bg3 Nh5 10. dxc5 Nxg3 11. hxg3 dxc5 12. Qc2 e6 13. Rd1 Qe7 14. O-O Nc6 15.
Rd2 Bd7 16. Rfd1 Rfd8 17. Ne4 b6 18. Nd6 Nb4 19. Qb3 Bc6 20. a3 Na6 21. Rd3 Nc7
22. R1d2 Ne8 23. Nxe8 Qxe8 24. Qd1 Rxd3 25. Bxd3 Bf6 26. Nh2 Bg7 27. Be2 Rc8
28. Bf3 Bxf3 29. gxf3 a6 30. Rd6 b5 31. b3 bxc4 32. bxc4 a5 33. Kg2 Kh8 34. Rd7
Kg8 35. Qd3 Kh8 36. Qd6 Bf8 37. Qd3 Bg7 38. Qd2 Kg8 39. Kg1 a4 40. Kg2 Bh8 41.
Qd1 Ra8 42. Rc7 Qf8 43. Qd7 Bg7 44. Qc6 Kh8 45. Rxf7 Qc8 46. Qe4 e5 47. Qg6 Qg8
48. Ng4 Qh7 49. Qc6 Rg8 50. Nxe5 Bxe5 51. Rxh7+ Kxh7 52. Qe4+ Rg6 53. Qxe5 h5
54. Qxc5 g4 55. Qxh5+ Kg7 56. Qe5+ Kf7 57. fxg4 Re6 58. Qb5 Ke7 59. Qxa4 Kd6
60. Qa6+ Ke5 61. Qxe6+ Kxe6 62. g5 Kf5 63. a4 Kxg5 64. a5 Kf5 65. a6 Ke5 66. a7
Kd6 67. a8=Q Kc5 68. Qd5+ Kb4 69. c5 Kb5 70. c6+ Kb6 71. Qd6 Ka7 72. c7 Kb7 73.
Qd7 Kb6 74. c8=Q Ka5 75. Qdb7 Ka4 76. Qca8# 1-0

[Event "?"]
[Site "?"]
[Date "2021.09.17"]
[Round "7"]
[White "Бардык, Артем."]
[Black "Архипов, Александр."]
[Result "1/2-1/2"]
[WhiteElo "1924"]
[BlackElo "1613"]
[PlyCount "156"]

1. e4 c6 2. d4 d5 3. Nc3 dxe4 4. Nxe4 Bf5 5. Ng3 Bg6 6. h4 h6 7. Nf3 Nf6 8. h5
Bh7 9. Bd3 Bxd3 10. Qxd3 e6 11. Bd2 Nbd7 12. Ne4 Nxe4 13. Qxe4 Nf6 14. Qe2 Bd6
15. O-O-O Qc7 16. Ne5 O-O-O 17. Kb1 Rhf8 18. g4 Nd7 19. f4 f6 20. Nd3 Rfe8 21.
g5 Bf8 22. Rhg1 fxg5 23. fxg5 e5 24. gxh6 gxh6 25. Qg4 exd4 26. Qxd4 Qb6 27.
Qxb6 axb6 28. Rgf1 Re2 29. Nf4 Re5 30. Bc3 Rf5 31. Ne6 Rxf1 32. Rxf1 Re8 33.
Nxf8 Rxf8 34. Rxf8+ Nxf8 35. Bg7 Nh7 36. Kc1 Kd7 37. Bxh6 Nf6 38. Be3 Nxh5 39.
Bxb6 Nf6 40. Kd2 Nd5 41. Bd4 Kd6 42. Bg1 c5 43. Kd3 Kc6 44. a3 b5 45. c4 bxc4+
46. Kxc4 Nb6+ 47. Kb3 Kb5 48. Ka2 Nd5 49. Bf2 c4 50. Kb1 Nf4 51. Bd4 Nd5 52.
Be5 Ka4 53. Kc2 Kb5 54. Bc3 Ka4 55. Bd2 Kb5 56. Be1 Ka4 57. Bc3 Kb5 58. Bh8 Ka4
59. Bg7 Kb5 60. Kd2 Ka4 61. Kc2 Kb5 62. Bc3 Ka4 63. Be1 Kb5 64. Bf2 Ka4 65. Bg1
Kb5 66. Ba7 Ka4 67. Bc5 Kb5 68. Bf8 Ka4 69. Bg7 Kb5 70. Bh8 Ka4 71. Bc3 Kb5 72.
Bh8 Ka4 73. Bc3 Kb5 74. Kd2 Ka4 75. Ke2 Nxc3+ 76. bxc3 Kxa3 77. Ke3 Kb2 78. Kd2
Kb3 1/2-1/2

[Event "?"]
[Site "?"]
[Date "2021.09.17"]
[Round "7"]
[White "Хлыповка, Лада."]
[Black "Афинеевский, Илья."]
[Result "0-1"]
[WhiteElo "1555"]
[BlackElo "1643"]
[PlyCount "120"]

1. d4 Nf6 2. Nf3 c5 3. e3 cxd4 4. exd4 d5 5. Bd3 Bg4 6. O-O e6 7. Bf4 Bd6 8.
Bxd6 Qxd6 9. c3 Nc6 10. Nbd2 O-O 11. Qe1 Rab8 12. a4 Nd7 13. h3 Bh5 14. Nh2 e5
15. dxe5 Ndxe5 16. Bf5 Rfe8 17. Qb1 Bg6 18. f4 Bxf5 19. Qxf5 Ng6 20. Qg4 Qc5+
21. Kh1 Qe3 22. Rad1 Rbd8 23. f5 Nge5 24. Qh4 f6 25. Ndf3 Nxf3 26. Rxf3 Qe2 27.
Rg1 Qxb2 28. Rg3 Kh8 29. Ng4 Rf8 30. Re1 d4 31. cxd4 Qxd4 32. Qh5 Qf4 33. Rge3
Qg5 34. Qxg5 fxg5 35. Rb3 b6 36. Rc3 Nd4 37. f6 gxf6 38. Rc7 Nf5 39. Rxa7 h5
40. Ne3 Rfe8 41. Nxf5 Rxe1+ 42. Kh2 h4 43. Re7 Rxe7 44. Nxe7 Ra8 45. Nd5 Rxa4
46. Nxb6 Ra2 47. Nd5 Kg7 48. Kg1 f5 49. Ne3 Kg6 50. Kf1 Kf6 51. Nd1 Ke5 52. Nc3
Rc2 53. Ne2 Ke4 54. Kf2 Kd3 55. Kf3 g4+ 56. hxg4 fxg4+ 57. Kxg4 Rxe2 58. Kh3
Ke3 59. Kh2 Kf2 60. Kh3 Re3+ 0-1